000
00333pam a2200157a 44500
008
230515b2009 xxu||||| |||| 00| 0 eng d
020
_a
NULL
041
_a
ENGLISH
082
_a
621.317 FEN
100
_a
FENICAL LES
245
_a
CONTROL SYSTEMS
250
_a
1
260
_a
NULL
_b
NA
_c
2009
300
_a
393
650
_a
NULL
999
_c
640277
_d
640277